[Event "ARG-ch qual U2000"]
[Site "Buenos Aires"]
[Date "2015.08.02"]
[Round "5.5"]
[White "Gonzalez Resquin, Diego"]
[Black "Hoffer, Roberto"]
[Result "1-0"]
[WhiteElo "1712"]
[BlackElo "1564"]
[PlyCount "105"]
[EventDate "2015.08.01"]
[EventType "swiss"]
[EventRounds "6"]
[EventCountry "ARG"]
[SourceTitle "EXT 2024"]
[Source "ChessBase"]
[SourceDate "2023.10.10"]
[SourceVersion "1"]
[SourceVersionDate "2023.10.10"]
[SourceQuality "1"]

1. c4 Nf6 2. Nf3 d6 3. d4 g6 4. Nc3 Bg7 5. e4 0-0 6. Be2 b6 7. Qc2 Re8 8. 0-0 h6 9. h3 Bb7 10. Rd1 Qc8 11. e5 dxe5 12. dxe5 Nh7 13. Bf4 e6 14. Rd2 c5 15. Rad1 Nc6 16. a3 a6 17. Ne4 a5 18. Nd6 Qc7 19. Nxe8 Rxe8 20. Rd7 Qb8 21. Qd2 Nf8 22. Rd6 Kh7 23. h4 Ba8 24. Bd3 Qc8 25. Bb1 Qb7 26. Qd3 Qc8 27. h5 Qb8 28. hxg6+ fxg6 29. Nh4 Ne7 30. Bh2 Kg8 31. Rd8 Rxd8 32. Qxd8 Qxd8 33. Rxd8 Bc6 34. Nxg6 Nexg6 35. Bxg6 b5 36. cxb5 Bxb5 37. f4 Ba4 38. Bg3 Bd1 39. Bh4 Bg4 40. Be7 Bf5 41. Bh5 c4 42. g4 Bd3 43. Kf2 Be4 44. Ke3 Bc2 45. Kd4 Bb3 46. Kc5 a4 47. Bd6 Bc2 48. Kxc4 Bb3+ 49. Kc3 Bd5 50. f5 exf5 51. gxf5 Bf7 52. Bxf7+ Kxf7 53. f6 1-0

[Event "ARG-ch qual U2000"]
[Site "Buenos Aires"]
[Date "2015.08.02"]
[Round "6.3"]
[White "Hoffer, Roberto"]
[Black "Santagada, Hector Ricardo"]
[Result "0-1"]
[WhiteElo "1564"]
[BlackElo "1855"]
[PlyCount "64"]
[EventDate "2015.08.01"]
[EventType "swiss"]
[EventRounds "6"]
[EventCountry "ARG"]
[SourceTitle "EXT 2024"]
[Source "ChessBase"]
[SourceDate "2023.10.10"]
[SourceVersion "1"]
[SourceVersionDate "2023.10.10"]
[SourceQuality "1"]

1. d4 Nf6 2. c4 e6 3. Nc3 Bb4 4. Qc2 b6 5. a3 Be7 6. e4 0-0 7. Bd3 g6 8. Nf3 Ne8 9. Bh6 Ng7 10. 0-0-0 Re8 11. Bxg7 Kxg7 12. h4 h5 13. Kb1 Bb7 14. Rhg1 c5 15. d5 exd5 16. exd5 Rh8 17. g4 Kf8 18. g5 d6 19. Ne4 Nd7 20. Rde1 Kg8 21. Qc3 Kh7 22. Nfd2 Ne5 23. Bc2 Bc8 24. f4 Ng4 25. Ref1 Bf5 26. Nf6+ Bxf6 27. gxf6 Bxc2+ 28. Qxc2 Ne3 29. Qd3 Nxf1 30. Rxf1 Qxf6 31. f5 Kg7 32. fxg6 Qxg6 0-1

[Event "Pinamar op"]
[Site "Pinamar"]
[Date "2015.04.25"]
[Round "3"]
[White "Gomez, Gustavo Daniel"]
[Black "Hoffer, Roberto"]
[Result "0-1"]
[WhiteElo "1718"]
[BlackElo "1531"]
[PlyCount "62"]
[EventDate "2015.04.24"]
[EventType "swiss"]
[EventRounds "6"]
[EventCountry "ARG"]
[SourceTitle "CBM 166 Extra"]
[Source "ChessBase"]
[SourceDate "2015.06.18"]
[SourceVersion "1"]
[SourceVersionDate "2015.06.18"]
[SourceQuality "1"]

1. d4 Nf6 2. c4 e6 3. Nf3 d5 4. e3 c6 5. Nc3 Bb4 6. a3 Bxc3+ 7. bxc3 0-0 8. Qc2 Nbd7 9. Bd3 g6 10. h4 Nh5 11. g4 Ng7 12. h5 f5 13. hxg6 hxg6 14. g5 Kf7 15. Bb2 Rh8 16. 0-0-0 Rh5 17. Rxh5 Nxh5 18. Rh1 Qg8 19. Nh4 b6 20. f3 Ba6 21. cxd5 Bxd3 22. dxe6+ Kxe6 23. Qxd3 Kd6 24. Nxf5+ Kc7 25. Ne7 Qf7 26. Nxg6 Qxf3 27. Rf1 Qg2 28. Nf4 Nxf4 29. exf4 Re8 30. Kb1 Re2 31. Bc1 Qxf1 0-1

[Event "Madariaga Tiberio Cup"]
[Site "Madariaga"]
[Date "2014.06.20"]
[Round "1"]
[White "Hoffer, Roberto"]
[Black "Mazur, Mario"]
[Result "0-1"]
[WhiteElo "1522"]
[BlackElo "1980"]
[PlyCount "49"]
[EventDate "2014.06.20"]
[EventType "swiss"]
[EventRounds "7"]
[EventCountry "ARG"]
[SourceTitle "CBM 161 Extra"]
[Source "ChessBase"]
[SourceDate "2014.08.29"]
[SourceVersion "1"]
[SourceVersionDate "2014.08.29"]
[SourceQuality "1"]

1. d4 Nf6 2. c4 e6 3. Nc3 Bb4 4. Bg5 h6 5. Bh4 c5 6. Nf3 cxd4 7. Qxd4 Nc6 8. Qd3 Qa5 9. Bxf6 gxf6 10. e3 b6 11. Be2 Bxc3+ 12. Qxc3 Qxc3+ 13. bxc3 Ba6 14. 0-0 Na5 15. Nd2 Rc8 16. Nb3 Bxc4 17. Bxc4 Nxc4 18. Rac1 d5 19. Rfd1 Ke7 20. Kf1 Rc7 21. Ke2 Rhc8 22. Rd4 Ne5 23. Kd2 h5 24. h3 Rg8 25. g3 0-1

[Event "General Madariaga op"]
[Site "General Madariaga"]
[Date "2014.03.16"]
[Round "5"]
[White "Acosta, Facundo"]
[Black "Hoffer, Roberto"]
[Result "0-1"]
[WhiteElo "1951"]
[BlackElo "1525"]
[PlyCount "46"]
[EventDate "2014.03.14"]
[EventType "swiss"]
[EventRounds "6"]
[EventCountry "ARG"]
[SourceTitle "CBM 159 Extra"]
[Source "ChessBase"]
[SourceDate "2014.04.24"]
[SourceVersion "1"]
[SourceVersionDate "2014.04.24"]
[SourceQuality "1"]

1. g3 e5 2. e4 Nf6 3. Bg2 b6 4. d3 Bb7 5. Nf3 Nc6 6. 0-0 Bc5 7. Nbd2 0-0 8. Nc4 d6 9. Bd2 d5 10. exd5 Nb4 11. a3 Nbxd5 12. Nfxe5 Re8 13. Qc1 Bd4 14. Nf3 h6 15. Nxd4 Qd7 16. Re1 Rxe1+ 17. Qxe1 Re8 18. Ne5 Qc8 19. Ndf3 Ng4 20. Bh3 Ndf6 21. Qc1 Qf5 22. Bf4 Qh5 23. Kg2 Nxe5 0-1